000 00640nam a2200241Ia 4500
003 OSt
005 20220918191054.0
006 a|||||r|||| 00| 0
007 ta
008 220917b |||||||| |||| 00| 0 eng d
024 _a61,286
037 _cTextual
040 _aARTS
_cARTS
_beng
041 _2eng
_aeng
082 _aQ60r2, N6 (P15)
100 _aDeshpande V W
_974820
245 0 _aImpact of ancient Indian thought on christianity
260 _aN.D
_bAPH Pub
_c1996
300 _axi,359p.
_ccm.
650 _aRELIGION
942 _hQ60r2, N6 (P15)
_cTEXL
_2CC
999 _c188148
_d188148